Rivers and streams of France - Map Quiz - Statistics

General Stats
  • This quiz has been taken 294 times
  • The average score is 16 of 33
Answers on the Map
Answers color-coded by a green-red scale on the quiz's map according to % correct below.
 
Answer Stats
Answer % Correct
Seine
88%
Loire
86%
Rhin
83%
Rhône
81%
Garonne
76%
Meuse
69%
Moselle
69%
Marne
56%
Somme
51%
Charente
49%
Dordogne
48%
Saône
48%
Doubs
47%
Lot
47%
Tavignano
47%
Var
42%
Isère
41%
Maroni
41%
Oise
39%
Eure
38%
Vilaine
38%
Cher
37%
Vienne
37%
Allier
33%
Aude
33%
Durance
32%
Yonne
32%
Sarthe
31%
Aisne
30%
Escaut
30%
Ain
28%
Adour
27%
Aulne
21%
No matching quizzes found
Score Distribution
Percent of People with Each Score
Percentile by Number Answered
Your Score History
You have not taken this quiz